| 000 | 00818nam a22002415i 4500 | ||
|---|---|---|---|
| 001 | 176444 | ||
| 003 | ES-MaACL | ||
| 005 | 20250629070311.0 | ||
| 008 | 110117s1954 sp |||| | spa d | ||
| 080 | _a821.134.2-32"19" | ||
| 100 | 1 |
_aPérez de Ayala, Ramón, _d1880-1962 _990763 |
|
| 245 | 1 | 0 |
_aPrometeo ; Luz de domingo ; La caída de los limones _b: novelas poemáticas de la vida española / _cRamón Pérez de Ayala. |
| 250 | _a3ª ed. | ||
| 260 |
_aBuenos Aires : _bLosada, _c1954. |
||
| 300 |
_a154, [5] p. , [1] h. ; _c18 cm. |
||
| 490 | 1 |
_aBiblioteca contemporánea ; _v40 |
|
| 740 | 0 | 2 | _aLuz de domingo. |
| 740 | 3 | 2 | _aLa caída de los limones. |
| 830 | 0 | 0 |
_aBiblioteca contemporánea (Losada) _v40 _9230032 |
| 852 |
_aES-MaACL _j14071 |
||
| 942 | _2udc | ||
| 999 |
_c176444 _d176444 |
||